<?xml version="1.0" encoding="UTF-8"?><marc:collection xmlns:marc="http://www.loc.gov/MARC21/slim">
  <marc:record>
    <marc:leader>03186nam a2200349 c 4500</marc:leader>
    <marc:controlfield tag="001">99376862501806441</marc:controlfield>
    <marc:controlfield tag="003">DE-605</marc:controlfield>
    <marc:controlfield tag="005">20260423162620.0</marc:controlfield>
    <marc:controlfield tag="007">cr#|||||||||||</marc:controlfield>
    <marc:controlfield tag="008">260423s2026    gw jb||fom||| 00| 0 ger c</marc:controlfield>
    <marc:datafield tag="024" ind1="7" ind2=" ">
      <marc:subfield code="2">urn</marc:subfield>
    </marc:datafield>
    <marc:datafield tag="035" ind1=" " ind2=" ">
      <marc:subfield code="a">(DE-605)HT031453310</marc:subfield>
    </marc:datafield>
    <marc:datafield tag="035" ind1=" " ind2=" ">
      <marc:subfield code="a">(DE-599)HBZHT031453310</marc:subfield>
    </marc:datafield>
    <marc:datafield tag="040" ind1=" " ind2=" ">
      <marc:subfield code="a">DE-1116</marc:subfield>
      <marc:subfield code="b">ger</marc:subfield>
      <marc:subfield code="c">DE-1116</marc:subfield>
      <marc:subfield code="d">DE-1116</marc:subfield>
      <marc:subfield code="e">rda</marc:subfield>
    </marc:datafield>
    <marc:datafield tag="100" ind1="1" ind2=" ">
      <marc:subfield code="a">Geissler, Helene</marc:subfield>
      <marc:subfield code="4">aut</marc:subfield>
      <marc:subfield code="e">Verfasser</marc:subfield>
    </marc:datafield>
    <marc:datafield tag="245" ind1="1" ind2="0">
      <marc:subfield code="a">&lt;&lt;Die&gt;&gt; Weinflasche als Identitäts- und Nachhaltigkeitsmerkmal im Familienweingut Geißler: Wahrnehmung und Akzeptanz der Endkunden zur Reduktion von Flaschenform, -farbe und Verschlusss</marc:subfield>
      <marc:subfield code="b">in Kooperation mit Weingut Geissler</marc:subfield>
      <marc:subfield code="c">Verfasserin: Helene Geissler</marc:subfield>
    </marc:datafield>
    <marc:datafield tag="300" ind1=" " ind2=" ">
      <marc:subfield code="a">1 Online-Ressource (XII, 77 Seiten)</marc:subfield>
      <marc:subfield code="b">Illustrationen, Karten</marc:subfield>
    </marc:datafield>
    <marc:datafield tag="336" ind1=" " ind2=" ">
      <marc:subfield code="a">Text</marc:subfield>
      <marc:subfield code="b">txt</marc:subfield>
      <marc:subfield code="2">rdacontent</marc:subfield>
    </marc:datafield>
    <marc:datafield tag="337" ind1=" " ind2=" ">
      <marc:subfield code="a">Computer</marc:subfield>
      <marc:subfield code="b">c</marc:subfield>
      <marc:subfield code="2">rdamedia</marc:subfield>
    </marc:datafield>
    <marc:datafield tag="338" ind1=" " ind2=" ">
      <marc:subfield code="a">Online-Ressource</marc:subfield>
      <marc:subfield code="b">cr</marc:subfield>
      <marc:subfield code="2">rdacarrier</marc:subfield>
    </marc:datafield>
    <marc:datafield tag="502" ind1=" " ind2=" ">
      <marc:subfield code="b">Bachelorarbeit</marc:subfield>
      <marc:subfield code="c">Hochschule für Wirtschaft und Gesellschaft Ludwigshafen</marc:subfield>
      <marc:subfield code="d">2026</marc:subfield>
      <marc:subfield code="g">Dualer Studiengang B.Sc. Weinbau und Oenologie Rheinland-Pfalz, Weincampus Neustadt</marc:subfield>
    </marc:datafield>
    <marc:datafield tag="520" ind1=" " ind2=" ">
      <marc:subfield code="a">Über viele Jahre hinweg war es in Weinbaubetrieben üblich, die von den Kund:innen zurückgebrachte Flaschen erneut zu verwenden. Doch mit der wachsenden Vielfalt an Flaschen und dem Bestreben der Winzer, sich durch individuelle Flaschenausstattung und besondere Formen von anderen abzuheben, gestaltet sich die Leergutrücknahme zunehmend aufwendig und komplex. Ziel dieser Arbeit ist es daher, herauszufinden, welche Kriterien für Verbraucher beim Weinkauf hinsichtlich Flaschenform, -farbe und -verschluss besonders wichtig sind und welche Varianten für verschiedene Weinarten präferiert werden. Um dies zu erreichen, wurden Konsumentinnen und Konsumenten im Rahmen einer Umfrage gezielt zu ihren Präferenzen und Prioritäten rund um Flasche und Verschluss befragt. Darüber hinaus wurde die identische Umfrage auch mit den verantwortlichen Personen im Kooperationsbetrieb durchgeführt. Die Analyse der Umfrageergebnisse verdeutlicht, dass bei Weiß- und Roséweinen eine Vereinheitlichung hinsichtlich Flaschenform, -farbe und -verschluss realisierbar ist. Für Rotweine zeigt sich dieses Bild weniger eindeutig; hier besteht weiterer Forschungsbedarf. Die Auswertung zeigt, dass die Schlegelflasche als bevorzugte einheitliche Flaschenform für alle Weine angesehen wird. Hinsichtlich des Verschlusses spricht sich die Mehrheit klar für den Drehverschluss als Standardlösung aus. Zusammenfassend lässt sich festhalten, dass der Betrieb das Potenzial und den Erfolg einer möglichen Sortimentsreduzierung klar erkennt und sich weiterhin vertieft mit der Thematik auseinandersetzen wird. Schlagwörter: , , Vielfaltsreduzierung, , Umfrage.</marc:subfield>
    </marc:datafield>
    <marc:datafield tag="655" ind1=" " ind2="7">
      <marc:subfield code="a">Hochschulschrift</marc:subfield>
      <marc:subfield code="0">(DE-588)4113937-9</marc:subfield>
      <marc:subfield code="2">gnd-content</marc:subfield>
    </marc:datafield>
    <marc:datafield tag="689" ind1="0" ind2="0">
      <marc:subfield code="a">Nachhaltigkeit</marc:subfield>
      <marc:subfield code="D">s</marc:subfield>
      <marc:subfield code="0">(DE-588)4326464-5</marc:subfield>
    </marc:datafield>
    <marc:datafield tag="689" ind1="1" ind2="0">
      <marc:subfield code="a">Mehrwegverpackung</marc:subfield>
      <marc:subfield code="D">s</marc:subfield>
      <marc:subfield code="0">(DE-588)4233047-6</marc:subfield>
    </marc:datafield>
    <marc:datafield tag="689" ind1="2" ind2="0">
      <marc:subfield code="a">Weinflasche</marc:subfield>
      <marc:subfield code="D">s</marc:subfield>
      <marc:subfield code="0">(DE-588)4487756-0</marc:subfield>
    </marc:datafield>
    <marc:datafield tag="689" ind1="3" ind2="0">
      <marc:subfield code="a">Verbraucherforschung</marc:subfield>
      <marc:subfield code="D">s</marc:subfield>
      <marc:subfield code="0">(DE-588)4187567-9</marc:subfield>
    </marc:datafield>
    <marc:datafield tag="700" ind1="1" ind2=" ">
      <marc:subfield code="a">Dressler, Marc</marc:subfield>
      <marc:subfield code="0">(DE-588)1120128307</marc:subfield>
      <marc:subfield code="4">dgs</marc:subfield>
      <marc:subfield code="e">Akademischer Betreuer</marc:subfield>
    </marc:datafield>
    <marc:datafield tag="856" ind1="4" ind2="0">
      <marc:subfield code="x">Verlag</marc:subfield>
      <marc:subfield code="3">Volltext</marc:subfield>
    </marc:datafield>
    <marc:datafield tag="856" ind1="4" ind2="0">
      <marc:subfield code="x">Langzeitarchivierung</marc:subfield>
      <marc:subfield code="3">Volltext</marc:subfield>
    </marc:datafield>
    <marc:datafield tag="960" ind1="1" ind2=" ">
      <marc:subfield code="d">lzDiss</marc:subfield>
    </marc:datafield>
    <marc:datafield tag="960" ind1="1" ind2=" ">
      <marc:subfield code="i">iall</marc:subfield>
    </marc:datafield>
  </marc:record>
</marc:collection>
